| 000 | 00764pab a2200169 454500 | ||
|---|---|---|---|
| 008 | 180718b2000 xxu||||| |||| 00| 0 eng d | ||
| 100 | _aTarling, Nigel | ||
| 245 | _aA three-point plan for Geneva 2000 | ||
| 260 | _c2000 | ||
| 300 | _ap.59-62 | ||
| 362 | _aJun | ||
| 520 | _aNigel Tarling reports on the International Council on Social Welfare (ICSW), a global alliance of civil society organizations whose priority issues for Geneva are: the establishment of an international anti-poverty alliance; the strengthening of international principles and standards for social development; and the strengthening of the ECOSOC system. - Reproduced | ||
| 650 | _aCivil society | ||
| 650 | _aEconomic and social development | ||
| 773 | _aDevelopment | ||
| 909 | _a45607 | ||
| 999 |
_c45607 _d45607 |
||